| 000 -LEADER |
| fixed length control field |
00562nam a22001937a 4500 |
| 008 - FIXED-LENGTH DATA ELEMENTS--GENERAL INFORMATION |
| fixed length control field |
151015b xxu||||| |||| 00| 0 eng d |
| 020 ## - INTERNATIONAL STANDARD BOOK NUMBER |
| International Standard Book Number |
9780324542752 |
| 020 ## - INTERNATIONAL STANDARD BOOK NUMBER |
| International Standard Book Number |
0324542755 |
| 041 0# - LANGUAGE CODE |
| Language code of text/sound track or separate title |
eng |
| 080 ## - UNIVERSAL DECIMAL CLASSIFICATION NUMBER |
| Universal Decimal Classification number |
658.3 |
| 100 1# - Rafti |
| Rafti |
Mathis, Robert L., |
| 245 10 - TITLE STATEMENT |
| Title |
Human resource management / |
| Statement of responsibility, etc |
Robert L. Mathis, John H. Jackson. |
| 250 ## - |
| -- |
12th ed. |
| 260 ## - |
| -- |
Mason, OH : |
| -- |
Thomson/South-western, |
| -- |
2008. |
| 300 ## - |
| -- |
xxix, 592 f. : |
| -- |
me il.; |
| -- |
27 cm. |
| 650 #0 - |
| -- |
Menaxhimi i burimeve njerëzore |
| 700 ## - |
| -- |
Jackson, John Harold. |
| 942 ## - ADDED ENTRY ELEMENTS (KOHA) |
| Source of classification or shelving scheme |
|
| Item type |
Books |